Análisis Comparativo de jabones

El presente trabajo se analizaron cuatro muestra de jabón, tres de lavar y uno de tocador en cada una de ella se efectuaron las siguiente determinación: Humedad,grasa neutra.

Bibliographic Details
Main Author: Mendoza Avellan, Hugo.
Other Authors: Tutor: Ruiz Zapata, Ernesto.
Format: Tesis Section = Libro
Language:Undetermined
Spanish
Published: Managua UNI 1970
Subjects:
LEADER 00731nam a2200205Ia 4500
008 240830s9999 xx 000 0 und d
040 |a CEDOC DACA-RUSB / Mon 628.16 M539 
041 |a spa 
082 |a Mon 628.16 M539 
100 1 |a Mendoza Avellan, Hugo. 
245 1 0 |a Análisis Comparativo de jabones 
260 |a Managua  |b UNI  |c 1970 
502 |a Tesis (Otros) -UNI, 1970. 
520 3 |a El presente trabajo se analizaron cuatro muestra de jabón, tres de lavar y uno de tocador en cada una de ella se efectuaron las siguiente determinación: Humedad,grasa neutra. 
650 7 |a ANALISIS - JABON 
650 7 |b  TRATAMIENTO - JABONES. 
700 1 |a Tutor:  |b  Ruiz Zapata, Ernesto. 
942 |c BK  |2 ddc 
991 |a TESIS 
999 |c 26002